00926cam a22002651 450000100060000000300080000600500170001400800390003103500190007003500190008904000270010804100080013508200200014310000390016324500590020226000350026130000200029650400310031660000610034765000240040865100540043294200120048699900170049895201450051535541BD-RjUL20211209052335.0140526s1950 pk b 000 0 eng a(BD-RjUL)35635 a(OCoLC)4007548 aDLCcNNUdBD-RjULbeng aeng00a320.1bKHA 19501 aKhan, Qamar-ud-Din,d1916-910823013aAl-Mawardi's theory of the state /cQamar-ud-Din Khan. aLahore :bBazm-i-iqbal,c1950. a48 p. ;c24 cm. aBibliographical footnotes.10aMāwardī, ʻAlī ibn Muḥammad,d974?-1058.9108233 0aState, The.9108232 0aIslamic countriesxPolitics and government.95109 2ddccBK c35541d35541 00102ddc40718NFICaRUCLbRUCLcReadingd1955-12-08ePub. United Ltd.g12.00l0o320.1 KHA 1950r2014-05-26 00:00:00tC-1w2014-05-26yBK